Ešte o marhuľových podložkách

Bibliographic Details
Main Author: Babánek, Miloš (Author)
Format: Article
Language:Slovak

MARC

LEADER 00000nab a2200000uu 4500
001 vtls010912459
003 SK-MaSNL
005 20260303150727.0
008 230222|1936 xo |||||||||||||||||slo|
015 |a SNBRB 
035 |a (urnnbn)urn:nbn:sk:snk:ar-a0871a 
035 |a (uuid)58733708-79d4-4f16-b8e3-efe4443cf426 
035 |a urn:nbn:sk:snk-ab91fi 
040 |a SNKBUCL  |b slo  |c SNKBUCL  |e AACR2 
041 0 |a slo 
044 |a xo  |c SK 
100 1 |a Babánek, Miloš  |4 aut  |9 1162968 
245 1 0 |a Ešte o marhuľových podložkách  |c Miloš Babánek 
773 0 |t Slovenské ovocinárstvo : odborný časopis pre povznesenie ovocinárstva, vinohradníctva a záhradníctva : orgán Slovenskej ovocinárskej spoločnosti a jej odbočiek  |g Roč. 13, č. 303-304 (1936), s. 179-180 
954 |a odborná, vedecká literatúra pôvodná (slovenská)  |2 lita 
958 |a OND 
958 |a EUIPO 
958 |a article10 
999 |c 2012913  |d 2014843